[Event "Santa Catarina-ch 64th "]
[Site "Lages"]
[Date "2020.02.15"]
[Round "4"]
[White "Consoli, Anderson Luiz"]
[Black "Kuster, Michel Thiago"]
[Result "0-1"]
[WhiteElo "1484"]
[BlackElo "1253"]
[PlyCount "110"]
[EventDate "2020.02.14"]
[EventType "swiss"]
[EventRounds "6"]
[EventCountry "BRA"]
[SourceTitle "CBM 195 Extra"]
[Source "ChessBase"]
[SourceDate "2020.05.31"]
[SourceVersion "1"]
[SourceVersionDate "2020.05.31"]
[SourceQuality "1"]

1. e4 c5 2. b4 cxb4 3. d4 g6 4. a3 bxa3 5. Bxa3 Bg7 6. Nf3 d6 7. Bd3 Bg4 8. h3 Bxf3 9. gxf3 Qa5+ 10. Nd2 Bxd4 11. Bb2 Bxf2+ 12. Kxf2 Qb6+ 13. Kg2 Qxb2 14. Rb1 Qe5 15. Rxb7 Nf6 16. Bb5+ Kf8 17. Nc4 Qg5+ 18. Kf2 Qc5+ 19. Kg2 Nc6 20. Ba6 Nb4 21. Rb5 Qc6 22. Rxb4 Qxa6 23. Qd4 Kg7 24. Ra1 Qc6 25. Rxa7 Rxa7 26. Qxa7 Ra8 27. Qd4 Ra2 28. Ne3 Qa6 29. Rc4 e5 30. Qd2 Ra3 31. Rc7 Qb6 32. Rc3 Qb4 33. Nd1 Ra1 34. Rd3 Qc5 35. Rxd6 Nh5 36. Rd5 Nf4+ 37. Kh2 Nxd5 38. exd5 Qd6 39. Kg2 Ra3 40. Ne3 Qf6 41. c4 Qg5+ 42. Kf2 Ra1 43. d6 Qg1+ 44. Ke2 Qh2+ 45. Kd3 Ra3+ 46. Qc3 Rxc3+ 47. Kxc3 e4 48. c5 exf3 49. Kd4 f2 50. Kd5 Qh1+ 51. Ke5 Qe1 52. Kd4 Qd2+ 53. Ke4 Kf6 54. Nd5+ Ke6 55. Nc7+ Kd7 0-1

[Event "Santa Catarina State-ch 63rd"]
[Site "Timbo"]
[Date "2019.06.08"]
[Round "3"]
[White "Kuster, Michel Thiago"]
[Black "Butzke, Lucas de Castro"]
[Result "0-1"]
[WhiteElo "1028"]
[BlackElo "1296"]
[PlyCount "42"]
[EventDate "2019.06.07"]
[EventType "swiss"]
[EventRounds "6"]
[EventCountry "BRA"]
[SourceTitle "EXT 2020"]
[Source "ChessBase"]
[SourceDate "2019.10.17"]
[SourceVersion "1"]
[SourceVersionDate "2019.10.17"]
[SourceQuality "1"]

1. d4 Nf6 2. c4 c5 3. d5 e6 4. dxe6 fxe6 5. Nc3 g6 6. Nf3 Nc6 7. Bg5 Bg7 8. e4 Qc7 9. Qd2 0-0 10. g3 Nxe4 11. Nxe4 Rxf3 12. Bf4 e5 13. Bg2 Nd4 14. Qd1 d5 15. cxd5 Bg4 16. Qc1 exf4 17. Bxf3 Bxf3 18. Rf1 Bxe4 19. Qc4 b5 20. d6+ bxc4 21. dxc7 Nc2+ 0-1

[Event "Blumenau STD op"]
[Site "Blumenau"]
[Date "2018.09.29"]
[Round "4"]
[White "Blau, Vitoria Caroline"]
[Black "Kuster, Michel Thiago"]
[Result "1-0"]
[WhiteElo "1356"]
[BlackElo "1644"]
[PlyCount "85"]
[EventDate "2018.09.28"]
[EventType "swiss"]
[EventRounds "6"]
[EventCountry "BRA"]
[SourceTitle "EXT 2020"]
[Source "ChessBase"]
[SourceDate "2019.10.17"]
[SourceVersion "1"]
[SourceVersionDate "2019.10.17"]
[SourceQuality "1"]

1. d4 d5 2. c4 Nf6 3. Nc3 Bf5 4. Nf3 e6 5. Bg5 Be7 6. e3 c6 7. Be2 0-0 8. 0-0 Nbd7 9. Rc1 h6 10. Bh4 Ne4 11. Bxe7 Qxe7 12. Nxe4 dxe4 13. Nd2 Rfd8 14. Qb3 Nf6 15. Rfd1 e5 16. Nf1 exd4 17. exd4 Ng4 18. Qg3 Qe6 19. d5 cxd5 20. cxd5 Qg6 21. d6 Rac8 22. Rxc8 Bxc8 23. Bxg4 Qxg4 24. Qxg4 Bxg4 25. Rd4 Be6 26. a3 Kf8 27. Ne3 Ke8 28. g4 g6 29. Kg2 Kd7 30. Kg3 g5 31. Nf5 Bxf5 32. gxf5 Kc6 33. Rxe4 Rxd6 34. Re7 f6 35. Kg4 Rd2 36. Kh5 Rxf2 37. Re6+ Kd5 38. Rxf6 Ke5 39. Kg6 g4 40. Re6+ Kd4 41. f6 Rxh2 42. f7 Rf2 43. Rf6 1-0

[Event "Santa Catarina State-ch U20"]
[Site "Blumenau"]
[Date "2018.08.25"]
[Round "4"]
[White "Stroher, Victor Augusto"]
[Black "Kuster, Michel Thiago"]
[Result "1/2-1/2"]
[WhiteElo "1498"]
[BlackElo "1666"]
[PlyCount "66"]
[EventDate "2018.08.24"]
[EventType "swiss"]
[EventRounds "6"]
[EventCountry "BRA"]
[SourceTitle "EXT 2019"]
[Source "ChessBase"]
[SourceDate "2018.10.10"]
[SourceVersion "1"]
[SourceVersionDate "2018.10.10"]
[SourceQuality "1"]

1. d4 d5 2. c4 Nf6 3. Nc3 Bf5 4. e3 c5 5. Nf3 Nc6 6. dxc5 e6 7. cxd5 exd5 8. Nd4 Bxc5 9. Nxf5 Rg8 10. Bb5 Qd7 11. Nd4 a6 12. Bxc6 bxc6 13. Qa4 Rc8 14. 0-0 Kf8 15. Qxa6 Qc7 16. Bd2 Ng4 17. g3 h5 18. Qe2 g6 19. Nf3 Re8 20. Na4 Ba7 21. Bb4+ c5 22. Rac1 Kg7 23. Bxc5 Bxc5 24. Nxc5 Qa5 25. b3 Rc8 26. Nb7 Qb6 27. Rxc8 Rxc8 28. Qb2+ Nf6 29. Rc1 Rxc1+ 30. Qxc1 Qxb7 31. Qb2 Kh6 32. a4 Ne4 33. a5 Qb4 1/2-1/2

[Event "BRA-ch U16"]
[Site "Itajai"]
[Date "2017.06.01"]
[Round "1"]
[White "Masselli, Eduardo"]
[Black "Kuster, Michel Thiago"]
[Result "1-0"]
[WhiteElo "1698"]
[BlackElo "1717"]
[PlyCount "41"]
[EventDate "2017.06.01"]
[EventType "swiss"]
[EventRounds "6"]
[EventCountry "BRA"]
[SourceTitle "CBM 179 Extra"]
[Source "ChessBase"]
[SourceDate "2017.08.23"]
[SourceVersion "1"]
[SourceVersionDate "2017.08.23"]
[SourceQuality "1"]

1. e4 e5 2. Nf3 Nc6 3. Bc4 Nf6 4. d3 Bc5 5. 0-0 0-0 6. Bg5 h6 7. Bh4 d6 8. h3 Nd4 9. c3 Nxf3+ 10. Qxf3 g5 11. Qg3 d5 12. exd5 Nxd5 13. Qxe5 Nf4 14. Qxc5 gxh4 15. Qe5 Nxd3 16. Qe4 Nxb2 17. Qg6+ Kh8 18. Qxh6+ Kg8 19. Qg6+ Kh8 20. Bxf7 Qe7 21. Qh6# 1-0